[Event "European Senior Team Championship 2021"]
[Site "Don Giovanni hotel, Vinohradska 2733, Prague, Czech Republic"]
[Date "2021.09.01"]
[Round "3"]
[Board "1"]
[White "Svanda, Pavel"]
[Black "Stohl, Igor"]
[Result "0-1"]
[WhiteElo "2081"]
[BlackElo "2462"]
[PlyCount "0"]
[EventDate "2021.08.30"]
[EventType "team"]
[EventRounds "9"]
[EventCountry "ECX"]
[WhiteTeam "KSS VYSOCINA"]
[BlackTeam "SLOVAKIA"]

1. e4 {[%clk 1:30:53]} c5 {[%clk 1:30:52]} 2. Nf3 {[%clk 1:31:12]} d6
{[%clk 1:31:08]} 3. Bc4 {[%clk 1:31:15]} Nc6 {[%clk 1:30:57]} 4. c3
{[%clk 1:30:21]} Nf6 {[%clk 1:31:03]} 5. d3 {[%clk 1:30:42]} a6 {[%clk 1:31:14]}
6. Bb3 {[%clk 1:30:58]} Bg4 {[%clk 1:31:22]} 7. Bg5 {[%clk 1:28:11]} e6
{[%clk 1:29:55]} 8. Nbd2 {[%clk 1:26:55]} Be7 {[%clk 1:28:40]} 9. O-O
{[%clk 1:24:40]} h6 {[%clk 1:24:09]} 10. Bh4 {[%clk 1:20:15]} O-O
{[%clk 1:13:12]} 11. Re1 {[%clk 1:16:52]} d5 {[%clk 1:09:03]} 12. Qe2
{[%clk 0:58:59]} b5 {[%clk 1:06:40]} 13. Bg3 {[%clk 0:55:59]} dxe4
{[%clk 0:59:38]} 14. dxe4 {[%clk 0:55:58]} Nh5 {[%clk 0:59:17]} 15. Nf1
{[%clk 0:52:56]} Nxg3 {[%clk 0:53:04]} 16. hxg3 {[%clk 0:43:57]} Ne5
{[%clk 0:40:13]} 17. N1h2 {[%clk 0:43:16]} c4 {[%clk 0:27:50]} 18. Bc2
{[%clk 0:35:58]} Bc5 {[%clk 0:20:25]} 19. Qf1 {[%clk 0:28:19]} Bxf3
{[%clk 0:18:31]} 20. gxf3 {[%clk 0:28:31]} g5 {[%clk 0:17:19]} 21. Kg2
{[%clk 0:25:49]} Qf6 {[%clk 0:15:51]} 22. Qe2 {[%clk 0:24:33]} h5
{[%clk 0:14:39]} 23. Rh1 {[%clk 0:20:25]} Kg7 {[%clk 0:14:02]} 24. a4
{[%clk 0:19:05]} b4 {[%clk 0:12:27]} 25. cxb4 {[%clk 0:18:49]} Bxb4
{[%clk 0:12:48]} 26. a5 {[%clk 0:18:49]} Bc5 {[%clk 0:12:24]} 27. b3
{[%clk 0:17:03]} cxb3 {[%clk 0:10:57]} 28. Bxb3 {[%clk 0:17:27]} Rfb8
{[%clk 0:10:49]} 29. Rhb1 {[%clk 0:13:32]} Rb5 {[%clk 0:08:34]} 30. Bc2
{[%clk 0:12:40]} Rab8 {[%clk 0:08:25]} 31. Rxb5 Rxb5 {[%clk 0:08:52]} 32. Ra2
{[%clk 0:12:15]} Qd8 {[%clk 0:08:11]} 33. f4 {[%clk 0:11:50]} gxf4
{[%clk 0:07:41]} 34. gxf4 {[%clk 0:12:12]} Ng6 {[%clk 0:07:47]} 35. Qf3
{[%clk 0:11:56]} Nh4+ {[%clk 0:08:16]}  0-1

[Event "European Senior Team Championship 2021"]
[Site "Don Giovanni hotel, Vinohradska 2733, Prague, Czech Republic"]
[Date "2021.09.01"]
[Round "3"]
[Board "2"]
[White "Mrva, Martin"]
[Black "Miculka, Petr"]
[Result "1-0"]
[WhiteElo "2387"]
[BlackElo "2081"]
[PlyCount "0"]
[EventDate "2021.08.30"]
[EventType "team"]
[EventRounds "9"]
[EventCountry "ECX"]
[WhiteTeam "SLOVAKIA"]
[BlackTeam "KSS VYSOCINA"]

1. e4 {[%clk 1:30:42]} c5 {[%clk 1:29:45]} 2. Nf3 {[%clk 1:31:06]} Nc6
{[%clk 1:29:58]} 3. Nc3 {[%clk 1:31:23]} Nf6 {[%clk 1:29:49]} 4. Bb5
{[%clk 1:31:45]} d6 {[%clk 1:28:49]} 5. e5 {[%clk 1:30:58]} dxe5 {[%clk 1:20:17]}
6. Nxe5 {[%clk 1:31:14]} Qc7 {[%clk 1:17:56]} 7. Nxc6 {[%clk 1:25:29]} bxc6
{[%clk 1:13:39]} 8. Qf3 {[%clk 1:24:56]} Bd7 {[%clk 1:04:59]} 9. b3
{[%clk 1:14:45]} e5 {[%clk 0:58:10]} 10. Bc4 {[%clk 1:11:36]} Bg4
{[%clk 0:52:10]} 11. Qg3 {[%clk 1:09:56]} Bf5 {[%clk 0:47:06]} 12. O-O
{[%clk 1:04:11]} Bg6 {[%clk 0:42:32]} 13. Re1 {[%clk 0:53:12]} Bd6
{[%clk 0:40:49]} 14. f4 {[%clk 0:53:04]} e4 {[%clk 0:38:47]} 15. Nxe4
{[%clk 0:49:15]} Nxe4 {[%clk 0:36:36]} 16. d3 {[%clk 0:48:28]} Be5
{[%clk 0:36:35]} 17. Rxe4 {[%clk 0:48:03]} Bxe4 {[%clk 0:34:21]} 18. fxe5
{[%clk 0:48:27]} Bd5 {[%clk 0:27:55]} 19. Be3 {[%clk 0:48:38]} O-O
{[%clk 0:21:23]} 20. Bxc5 {[%clk 0:34:10]} Rfe8 {[%clk 0:19:45]} 21. Bxd5
{[%clk 0:29:31]} cxd5 {[%clk 0:18:21]} 22. Bd4 {[%clk 0:29:55]} Re6
{[%clk 0:17:05]} 23. c3 {[%clk 0:30:18]} Rae8 {[%clk 0:16:45]} 24. b4
{[%clk 0:27:41]} f6 {[%clk 0:13:50]} 25. exf6 {[%clk 0:27:54]} Qxg3
{[%clk 0:14:05]} 26. hxg3 {[%clk 0:28:19]} Re1+ {[%clk 0:14:00]} 27. Rxe1
{[%clk 0:28:44]} Rxe1+ {[%clk 0:14:28]} 28. Kh2 {[%clk 0:19:10]} Ra1
{[%clk 0:14:10]} 29. Bxa7 {[%clk 0:18:53]} gxf6 {[%clk 0:12:15]} 30. b5
{[%clk 0:17:28]} Rxa2 {[%clk 0:12:31]} 31. b6 {[%clk 0:17:14]} Rb2
{[%clk 0:10:49]} 32. c4 {[%clk 0:17:34]} dxc4 {[%clk 0:10:32]} 33. dxc4
{[%clk 0:17:59]} Kf7 {[%clk 0:10:32]} 34. c5 {[%clk 0:18:23]} Ke6
{[%clk 0:10:41]} 35. c6 {[%clk 0:18:47]} Kd6 {[%clk 0:10:35]} 36. b7
{[%clk 0:19:09]} Kc7 {[%clk 0:10:29]} 37. Kh3 {[%clk 0:19:32]} h5
{[%clk 0:07:56]} 38. Kh4 {[%clk 0:19:23]} Rb5 {[%clk 0:07:42]} 39. b8=Q+
{[%clk 0:19:43]}  1-0

[Event "European Senior Team Championship 2021"]
[Site "Don Giovanni hotel, Vinohradska 2733, Prague, Czech Republic"]
[Date "2021.09.01"]
[Round "3"]
[Board "3"]
[White "Siebenburger, Vlastimil"]
[Black "Plachetka, Jan"]
[Result "0-1"]
[WhiteElo "1975"]
[BlackElo "2307"]
[PlyCount "0"]
[EventDate "2021.08.30"]
[EventType "team"]
[EventRounds "9"]
[EventCountry "ECX"]
[WhiteTeam "KSS VYSOCINA"]
[BlackTeam "SLOVAKIA"]

1. e4 {[%clk 1:30:54]} c5 {[%clk 1:30:29]} 2. Nc3 {[%clk 1:30:44]} Nc6
{[%clk 1:30:37]} 3. g3 {[%clk 1:30:56]} g6 {[%clk 1:30:45]} 4. Bg2
{[%clk 1:31:16]} Bg7 {[%clk 1:31:09]} 5. Nge2 {[%clk 1:31:09]} Rb8
{[%clk 1:30:45]} 6. d3 {[%clk 1:27:11]} b5 {[%clk 1:27:10]} 7. Bf4
{[%clk 1:22:34]} d6 {[%clk 1:26:17]} 8. Qd2 {[%clk 1:22:23]} b4 {[%clk 1:21:39]}
9. Nd1 {[%clk 1:22:34]} Bd7 {[%clk 1:20:51]} 10. c3 {[%clk 1:18:46]} bxc3
{[%clk 1:19:32]} 11. bxc3 {[%clk 1:19:11]} Qa5 {[%clk 1:14:34]} 12. O-O
{[%clk 1:18:06]} Nf6 {[%clk 1:10:22]} 13. Bh6 {[%clk 1:13:26]} O-O
{[%clk 1:09:56]} 14. Bxg7 {[%clk 1:13:04]} Kxg7 {[%clk 1:10:25]} 15. Qc2
{[%clk 0:58:18]} Rfc8 {[%clk 0:59:03]} 16. Ne3 {[%clk 0:55:57]} Qa6
{[%clk 0:57:44]} 17. f4 {[%clk 0:53:28]} Ng4 {[%clk 0:46:37]} 18. Nxg4
{[%clk 0:47:33]} Bxg4 {[%clk 0:43:33]} 19. h3 {[%clk 0:48:00]} Bxe2
{[%clk 0:42:16]} 20. Qxe2 {[%clk 0:48:25]} Qa3 {[%clk 0:42:09]} 21. Qe1
{[%clk 0:45:10]} Rb6 {[%clk 0:36:09]} 22. e5 {[%clk 0:41:14]} Qa6
{[%clk 0:26:33]} 23. Bxc6 {[%clk 0:37:56]} Rcxc6 {[%clk 0:25:24]} 24. f5
{[%clk 0:28:39]} d5 {[%clk 0:19:48]} 25. fxg6 {[%clk 0:21:00]} hxg6
{[%clk 0:19:25]} 26. Rf3 {[%clk 0:17:07]} Rb2 {[%clk 0:17:16]} 27. Qf1
{[%clk 0:12:58]} f5 {[%clk 0:16:03]} 28. exf6+ {[%clk 0:13:24]} exf6
{[%clk 0:16:20]} 29. a4 {[%clk 0:09:42]} Re6 {[%clk 0:15:27]} 30. Re1
{[%clk 0:09:09]} Qd6 {[%clk 0:14:43]} 31. Rfe3 {[%clk 0:07:54]} d4
{[%clk 0:14:27]} 32. cxd4 {[%clk 0:07:37]} cxd4 {[%clk 0:12:36]} 33. Rf3
{[%clk 0:07:58]} Qe7 {[%clk 0:11:48]} 34. Rxe6 {[%clk 0:07:37]} Qxe6
{[%clk 0:12:17]} 35. Rf2 {[%clk 0:07:01]} Qe3 {[%clk 0:12:06]} 36. Kg2
{[%clk 0:06:43]} Rxf2+ {[%clk 0:12:24]} 37. Qxf2 {[%clk 0:07:10]} Qxd3
{[%clk 0:12:49]} 38. Qf4 {[%clk 0:03:11]} Qc2+ {[%clk 0:10:56]} 39. Kg1
{[%clk 0:01:06]} d3 {[%clk 0:10:08]} 40. Qd6 {[%clk 0:00:57]} Qd1+
{[%clk 0:08:23]} 41. Kg2 {[%clk 0:01:09]} Qe2+ {[%clk 0:08:19]} 42. Kg1
{[%clk 0:01:37]} Qe3+ {[%clk 0:08:09]} 43. Kg2 {[%clk 0:01:54]} d2
{[%clk 0:07:38]} 44. Qd7+ {[%clk 0:00:46]} Kh6 {[%clk 0:03:41]} 45. Qg4
{[%clk 0:30:25]} f5 {[%clk 0:33:21]}  0-1

[Event "European Senior Team Championship 2021"]
[Site "Don Giovanni hotel, Vinohradska 2733, Prague, Czech Republic"]
[Date "2021.09.01"]
[Round "3"]
[Board "4"]
[White "Motuz, Karol"]
[Black "Kuda, Pavel"]
[Result "1-0"]
[WhiteElo "2323"]
[BlackElo "1444"]
[PlyCount "0"]
[EventDate "2021.08.30"]
[EventType "team"]
[EventRounds "9"]
[EventCountry "ECX"]
[WhiteTeam "SLOVAKIA"]
[BlackTeam "KSS VYSOCINA"]

1. c4 {[%clk 1:30:55]} e5 {[%clk 1:30:48]} 2. Nc3 {[%clk 1:30:59]} Nf6
{[%clk 1:29:51]} 3. g3 {[%clk 1:31:18]} Nc6 {[%clk 1:30:02]} 4. Bg2
{[%clk 1:31:44]} Be7 {[%clk 1:29:09]} 5. e3 {[%clk 1:31:26]} O-O {[%clk 1:29:20]}
6. Nge2 {[%clk 1:31:41]} d6 {[%clk 1:21:19]} 7. O-O {[%clk 1:29:47]} Rb8
{[%clk 1:16:48]} 8. h3 {[%clk 1:26:32]} Qe8 {[%clk 1:13:46]} 9. d4
{[%clk 1:23:35]} a6 {[%clk 1:01:02]} 10. b3 {[%clk 1:06:10]} Na7 {[%clk 0:56:52]}
11. a4 {[%clk 1:00:25]} c6 {[%clk 0:51:25]} 12. a5 {[%clk 0:57:17]} Bd8
{[%clk 0:44:47]} 13. Ba3 {[%clk 0:55:57]} Bc7 {[%clk 0:38:16]} 14. Qd2
{[%clk 0:53:12]} Qd8 {[%clk 0:34:29]} 15. Rfd1 {[%clk 0:46:29]} e4
{[%clk 0:31:30]} 16. d5 {[%clk 0:41:27]} Re8 {[%clk 0:29:48]} 17. dxc6
{[%clk 0:31:19]} Nxc6 {[%clk 0:26:40]} 18. Bxd6 {[%clk 0:29:06]} Nxa5
{[%clk 0:18:09]} 19. Rxa5 {[%clk 0:26:41]} Bxa5 {[%clk 0:18:32]} 20. Bxb8
{[%clk 0:26:56]} Qxd2 {[%clk 0:18:54]} 21. Rxd2 {[%clk 0:27:15]} Bxh3
{[%clk 0:19:15]} 22. Bxh3 {[%clk 0:26:38]} Rxb8 {[%clk 0:19:29]} 23. Bg2
{[%clk 0:23:21]} Re8 {[%clk 0:13:47]} 24. Rd1 {[%clk 0:20:27]} g6
{[%clk 0:10:36]} 25. Nd5 {[%clk 0:19:48]} Ng4 {[%clk 0:08:55]} 26. Bh3
{[%clk 0:19:28]} Ne5 {[%clk 0:07:51]} 27. Nf6+ {[%clk 0:19:33]} Kf8
{[%clk 0:07:47]} 28. Nxe8 {[%clk 0:19:46]} Kxe8 {[%clk 0:08:09]} 29. Bc8
{[%clk 0:19:13]}  1-0

[Event "European Senior Team Championship 2021"]
[Site "Don Giovanni hotel, Vinohradska 2733, Prague, Czech Republic"]
[Date "2021.09.01"]
[Round "3"]
[Board "1"]
[White "Kachiani-Gersinska, Ketino"]
[Black "Papacek, Stepan"]
[Result "1-0"]
[WhiteElo "2318"]
[BlackElo "2256"]
[PlyCount "0"]
[EventDate "2021.08.30"]
[EventType "team"]
[EventRounds "9"]
[EventCountry "ECX"]
[WhiteTeam "GERMANY 1 WOMEN"]
[BlackTeam "SK SLAVOJ LITOMERICE"]

1. Nf3 {[%clk 1:30:57]} Nf6 {[%clk 1:26:19]} 2. d4 {[%clk 1:31:17]} g6
{[%clk 1:26:13]} 3. g3 {[%clk 1:31:33]} Bg7 {[%clk 1:26:35]} 4. Bg2
{[%clk 1:31:54]} O-O {[%clk 1:26:49]} 5. O-O {[%clk 1:32:20]} d6 {[%clk 1:25:35]}
6. a4 {[%clk 1:32:33]} a5 {[%clk 1:20:40]} 7. Nc3 {[%clk 1:32:41]} Nc6
{[%clk 1:19:29]} 8. h3 {[%clk 1:30:05]} e5 {[%clk 1:15:55]} 9. dxe5
{[%clk 1:10:41]} Nxe5 {[%clk 1:11:02]} 10. Nxe5 {[%clk 1:00:59]} dxe5
{[%clk 1:11:20]} 11. Qxd8 {[%clk 1:01:05]} Rxd8 {[%clk 1:11:33]} 12. Bg5
{[%clk 1:01:27]} Rd7 {[%clk 0:52:57]} 13. Rad1 {[%clk 0:45:53]} Rb8
{[%clk 0:46:43]} 14. Nb5 {[%clk 0:38:45]} Ne8 {[%clk 0:43:08]} 15. Bd2
{[%clk 0:26:10]} Ra8 {[%clk 0:40:14]} 16. Na3 {[%clk 0:18:52]} e4
{[%clk 0:32:07]} 17. b3 {[%clk 0:12:07]} f5 {[%clk 0:29:48]} 18. f3
{[%clk 0:08:59]} b6 {[%clk 0:21:40]} 19. fxe4 {[%clk 0:07:08]} Ba6
{[%clk 0:19:30]} 20. Bg5 {[%clk 0:04:50]} Rxd1 {[%clk 0:18:58]} 21. Rxd1
{[%clk 0:05:17]} Nd6 {[%clk 0:15:43]} 22. exf5 {[%clk 0:02:42]} Rf8
{[%clk 0:16:06]} 23. fxg6 {[%clk 0:02:58]} hxg6 {[%clk 0:16:03]} 24. c4
{[%clk 0:03:24]} Re8 {[%clk 0:15:55]} 25. Bf3 {[%clk 0:03:03]} Nf5
{[%clk 0:14:07]} 26. Rd8 {[%clk 0:02:59]} Rxd8 {[%clk 0:14:01]} 27. Bxd8
{[%clk 0:03:27]} Be5 {[%clk 0:14:18]} 28. g4 {[%clk 0:03:51]} Nd4
{[%clk 0:14:27]} 29. Nb5 {[%clk 0:04:04]} Bxb5 {[%clk 0:12:41]} 30. cxb5
{[%clk 0:04:28]} Kg7 {[%clk 0:13:01]} 31. Bd5 {[%clk 0:02:42]} Nxe2+
{[%clk 0:13:24]} 32. Kf2 {[%clk 0:02:52]} Nf4 {[%clk 0:13:19]} 33. Bc4
{[%clk 0:02:15]} Nxh3+ {[%clk 0:13:15]} 34. Kf3 {[%clk 0:02:43]} Kf8
{[%clk 0:08:28]} 35. Ke4 {[%clk 0:02:16]} Bd6 {[%clk 0:08:50]} 36. Bf6
{[%clk 0:02:05]} Nf2+ {[%clk 0:08:40]} 37. Kf3 {[%clk 0:02:30]} Nh3
{[%clk 0:08:44]} 38. Bh4 {[%clk 0:02:22]} g5 {[%clk 0:08:27]} 39. Be1
{[%clk 0:02:33]} Nf4 {[%clk 0:03:09]} 40. Ke4 {[%clk 0:02:47]} Ng2
{[%clk 0:02:23]} 41. Bd2 {[%clk 0:02:14]} Bf4 {[%clk 0:02:14]} 42. Bxf4  1-0

[Event "European Senior Team Championship 2021"]
[Site "Don Giovanni hotel, Vinohradska 2733, Prague, Czech Republic"]
[Date "2021.09.01"]
[Round "3"]
[Board "2"]
[White "Bartos, Jan"]
[Black "Leib, Britta"]
[Result "1-0"]
[WhiteElo "2112"]
[BlackElo "1916"]
[PlyCount "0"]
[EventDate "2021.08.30"]
[EventType "team"]
[EventRounds "9"]
[EventCountry "ECX"]
[WhiteTeam "SK SLAVOJ LITOMERICE"]
[BlackTeam "GERMANY 1 WOMEN"]

1. d4 {[%clk 1:30:56]} Nf6 {[%clk 1:30:38]} 2. c4 {[%clk 1:31:19]} e6
{[%clk 1:30:56]} 3. Nf3 {[%clk 1:31:44]} b6 {[%clk 1:30:39]} 4. g3
{[%clk 1:31:52]} Bb7 {[%clk 1:30:37]} 5. Bg2 {[%clk 1:32:16]} Be7
{[%clk 1:30:08]} 6. O-O {[%clk 1:32:39]} O-O {[%clk 1:27:37]} 7. Nc3
{[%clk 1:33:05]} d5 {[%clk 1:26:43]} 8. cxd5 {[%clk 1:33:22]} exd5
{[%clk 1:26:31]} 9. Ne5 {[%clk 1:33:39]} Ne4 {[%clk 1:18:11]} 10. Nxe4
{[%clk 1:32:18]} dxe4 {[%clk 1:18:09]} 11. Be3 {[%clk 1:26:28]} Bd5
{[%clk 1:09:35]} 12. Qc2 {[%clk 1:25:10]} f6 {[%clk 0:52:16]} 13. Nc4
{[%clk 1:25:28]} f5 {[%clk 0:49:42]} 14. Bf4 {[%clk 1:19:15]} Bb7
{[%clk 0:36:46]} 15. Rfd1 {[%clk 1:16:57]} Nd7 {[%clk 0:29:25]} 16. Na5
{[%clk 1:15:35]} Bd5 {[%clk 0:22:18]} 17. Nc6 {[%clk 1:15:42]} Qe8
{[%clk 0:19:47]} 18. Bxc7 {[%clk 1:08:45]} Rf6 {[%clk 0:14:35]} 19. Nxe7+
{[%clk 1:07:46]} Qxe7 {[%clk 0:15:03]} 20. Bf4 {[%clk 1:08:04]} Rc6
{[%clk 0:14:55]} 21. Qa4 {[%clk 1:05:41]} Nf8 {[%clk 0:11:18]} 22. Rac1
{[%clk 1:02:08]} Rac8 {[%clk 0:10:31]} 23. Rxc6 {[%clk 1:01:38]} Rxc6
{[%clk 0:09:57]} 24. b3 {[%clk 0:51:20]} Qd7 {[%clk 0:07:01]} 25. Qa3
{[%clk 0:51:32]} Ne6 {[%clk 0:04:42]} 26. Be5 {[%clk 0:49:25]} Rc2
{[%clk 0:02:41]} 27. Bf1 {[%clk 0:43:48]} a5 {[%clk 0:02:59]} 28. Rc1
{[%clk 0:42:57]} Rxc1 {[%clk 0:02:19]} 29. Qxc1 {[%clk 0:43:22]} a4
{[%clk 0:02:26]} 30. Qc3 {[%clk 0:42:26]} axb3 {[%clk 0:02:17]} 31. axb3
{[%clk 0:42:50]} Qc6 {[%clk 0:02:08]} 32. Qxc6 {[%clk 0:42:13]} Bxc6
{[%clk 0:02:37]} 33. e3 {[%clk 0:42:12]} b5 {[%clk 0:02:50]} 34. h4
{[%clk 0:42:13]} Kf7 {[%clk 0:02:09]} 35. Bh3 {[%clk 0:40:59]} g6
{[%clk 0:02:33]} 36. g4 {[%clk 0:41:04]} fxg4 {[%clk 0:02:49]} 37. Bxg4
{[%clk 0:41:29]} Bd5 {[%clk 0:02:50]} 38. b4 {[%clk 0:41:28]} Nd8
{[%clk 0:01:51]} 39. f3 {[%clk 0:39:02]} exf3 {[%clk 0:02:00]} 40. Kf2
{[%clk 0:39:24]} Ke7 {[%clk 0:01:36]} 41. Bc7 {[%clk 0:36:58]} Nc6
{[%clk 0:30:30]} 42. Bb6 {[%clk 1:07:18]} Kf6 {[%clk 0:28:11]} 43. Bc5
{[%clk 1:07:35]} Ne7 {[%clk 0:28:05]} 44. Bxe7+ {[%clk 1:07:50]} Kxe7
{[%clk 0:28:22]} 45. Bxf3 {[%clk 1:08:15]}  1-0

[Event "European Senior Team Championship 2021"]
[Site "Don Giovanni hotel, Vinohradska 2733, Prague, Czech Republic"]
[Date "2021.09.01"]
[Round "3"]
[Board "3"]
[White "Beltz, Martina"]
[Black "Kozak, Milos"]
[Result "0-1"]
[WhiteElo "1922"]
[BlackElo "2103"]
[PlyCount "0"]
[EventDate "2021.08.30"]
[EventType "team"]
[EventRounds "9"]
[EventCountry "ECX"]
[WhiteTeam "GERMANY 1 WOMEN"]
[BlackTeam "SK SLAVOJ LITOMERICE"]

1. d4 {[%clk 1:30:58]} d5 {[%clk 1:30:44]} 2. Nf3 {[%clk 1:31:13]} Nf6
{[%clk 1:31:01]} 3. Bg5 {[%clk 1:30:17]} Ne4 {[%clk 1:30:53]} 4. Bh4
{[%clk 1:30:30]} c5 {[%clk 1:30:23]} 5. e3 {[%clk 1:30:55]} Qb6 {[%clk 1:29:42]}
6. Qc1 {[%clk 1:28:41]} cxd4 {[%clk 1:29:48]} 7. Nxd4 {[%clk 1:23:52]} Qh6
{[%clk 1:29:08]} 8. Bb5+ {[%clk 1:16:36]} Nc6 {[%clk 1:17:03]} 9. Bg3
{[%clk 1:16:31]} Nxg3 {[%clk 1:11:31]} 10. fxg3 {[%clk 1:16:59]} Bd7
{[%clk 1:10:30]} 11. Nc3 {[%clk 1:14:25]} e6 {[%clk 1:06:53]} 12. O-O
{[%clk 1:11:24]} Bc5 {[%clk 1:03:14]} 13. Bxc6 {[%clk 0:54:15]} Bxc6
{[%clk 0:51:18]} 14. Qe1 {[%clk 0:48:27]} O-O {[%clk 0:46:33]} 15. Rd1
{[%clk 0:46:21]} f5 {[%clk 0:41:56]} 16. Kh1 {[%clk 0:43:33]} Bd7
{[%clk 0:41:20]} 17. Qd2 {[%clk 0:38:58]} Rad8 {[%clk 0:39:08]} 18. Rde1
{[%clk 0:34:07]} Kh8 {[%clk 0:36:20]} 19. Nf3 {[%clk 0:29:12]} Bd6
{[%clk 0:34:20]} 20. Kg1 {[%clk 0:29:20]} Bc5 {[%clk 0:29:27]} 21. Kh1
{[%clk 0:26:54]} Qf6 {[%clk 0:27:09]} 22. a3 {[%clk 0:26:35]} a6 {[%clk 0:26:51]}
23. Nd4 {[%clk 0:18:28]} Qe7 {[%clk 0:25:41]} 24. Qe2 {[%clk 0:18:22]} Ba7
{[%clk 0:23:56]} 25. Qf3 {[%clk 0:14:16]} Qd6 {[%clk 0:21:54]} 26. Qh5
{[%clk 0:12:47]} Rf6 {[%clk 0:18:06]} 27. Qh4 {[%clk 0:08:57]} Rdf8
{[%clk 0:10:32]} 28. Nf3 {[%clk 0:09:19]} Bb8 {[%clk 0:08:43]} 29. Qd4
{[%clk 0:06:13]} Rg6 {[%clk 0:07:26]} 30. Ne2 {[%clk 0:06:12]} Rg4
{[%clk 0:06:39]} 31. Qd2 {[%clk 0:06:16]} Ba7 {[%clk 0:06:10]} 32. Rd1
{[%clk 0:06:29]} Re4 {[%clk 0:05:09]} 33. Nfd4 {[%clk 0:05:06]} e5
{[%clk 0:04:42]} 34. Nf3 {[%clk 0:05:19]} Bc6 {[%clk 0:04:14]} 35. Ng5
{[%clk 0:03:38]} Rxe3 {[%clk 0:03:56]} 36. c4 {[%clk 0:03:45]} Qe7
{[%clk 0:02:56]} 37. cxd5 {[%clk 0:03:21]} Bb5 {[%clk 0:02:31]} 38. Rfe1
{[%clk 0:01:13]} Qxg5 {[%clk 0:02:27]} 39. d6 {[%clk 0:01:32]} Rd8
{[%clk 0:02:06]} 40. Nc3 {[%clk 0:00:49]} Rxe1+ {[%clk 0:02:04]} 41. Qxe1
{[%clk 0:01:12]} Bd4 {[%clk 0:29:37]} 42. Nxb5 {[%clk 0:24:45]} axb5
{[%clk 0:29:57]} 43. h4 {[%clk 0:24:40]} Qf6 {[%clk 0:27:51]}  0-1

[Event "European Senior Team Championship 2021"]
[Site "Don Giovanni hotel, Vinohradska 2733, Prague, Czech Republic"]
[Date "2021.09.01"]
[Round "3"]
[Board "4"]
[White "Sura, Jaroslav"]
[Black "Birkholz, Olga"]
[Result "1/2-1/2"]
[WhiteElo "2004"]
[BlackElo "2018"]
[PlyCount "0"]
[EventDate "2021.08.30"]
[EventType "team"]
[EventRounds "9"]
[EventCountry "ECX"]
[WhiteTeam "SK SLAVOJ LITOMERICE"]
[BlackTeam "GERMANY 1 WOMEN"]

1. e4 {[%clk 1:30:57]} a6 {[%clk 1:29:09]} 2. d4 {[%clk 1:30:40]} g6
{[%clk 1:29:13]} 3. Be3 {[%clk 1:29:52]} Bg7 {[%clk 1:29:30]} 4. Qd2
{[%clk 1:29:50]} c5 {[%clk 1:25:07]} 5. c3 {[%clk 1:29:14]} Nf6 {[%clk 1:21:35]}
6. f3 {[%clk 1:27:17]} cxd4 {[%clk 1:15:44]} 7. cxd4 {[%clk 1:27:37]} d6
{[%clk 1:16:10]} 8. a4 {[%clk 1:20:22]} O-O {[%clk 1:13:20]} 9. Nc3
{[%clk 1:19:57]} Nc6 {[%clk 1:11:04]} 10. Bc4 {[%clk 1:11:54]} Bd7
{[%clk 1:05:21]} 11. Nge2 {[%clk 1:11:23]} Na5 {[%clk 1:02:27]} 12. Ba2
{[%clk 1:10:57]} b5 {[%clk 1:02:19]} 13. b4 {[%clk 1:06:05]} Nc6 {[%clk 0:58:47]}
14. axb5 {[%clk 1:02:40]} Nxb4 {[%clk 0:59:10]} 15. bxa6 {[%clk 0:54:38]} Rxa6
{[%clk 0:58:42]} 16. Rb1 {[%clk 0:53:16]} Nxa2 {[%clk 0:57:45]} 17. Nxa2
{[%clk 0:53:39]} d5 {[%clk 0:50:10]}  1/2-1/2

[Event "European Senior Team Championship 2021"]
[Site "Don Giovanni hotel, Vinohradska 2733, Prague, Czech Republic"]
[Date "2021.09.02"]
[Round "4"]
[Board "1"]
[White "Langner, Ladislav"]
[Black "Bartos, Jan"]
[Result "1/2-1/2"]
[WhiteElo "2380"]
[BlackElo "2112"]
[PlyCount "0"]
[EventDate "2021.08.30"]
[EventType "team"]
[EventRounds "9"]
[EventCountry "ECX"]
[WhiteTeam "1960-69"]
[BlackTeam "SK SLAVOJ LITOMERICE"]

1. e4 {[%clk 1:30:59]} e6 {[%clk 1:30:55]} 2. d4 {[%clk 1:31:25]} d5
{[%clk 1:31:21]} 3. e5 {[%clk 1:31:52]} c5 {[%clk 1:31:46]} 4. c3
{[%clk 1:32:20]} Nc6 {[%clk 1:32:12]} 5. Nf3 {[%clk 1:32:44]} Qb6
{[%clk 1:32:33]} 6. a3 {[%clk 1:32:49]} Bd7 {[%clk 1:32:54]} 7. b4
{[%clk 1:33:03]} cxd4 {[%clk 1:33:18]} 8. cxd4 {[%clk 1:33:27]} Rc8
{[%clk 1:33:43]} 9. Be3 {[%clk 1:33:21]} Nh6 {[%clk 1:33:52]} 10. Bd3
{[%clk 1:33:11]} Ng4 {[%clk 1:34:07]} 11. O-O {[%clk 1:32:26]} Be7
{[%clk 1:34:31]} 12. Nbd2 {[%clk 1:28:14]} f6 {[%clk 1:23:14]} 13. b5
{[%clk 1:00:52]} Na5 {[%clk 1:22:00]} 14. exf6 {[%clk 1:00:09]} Bxf6
{[%clk 1:19:16]} 15. Ne5 {[%clk 0:54:27]} Bxe5 {[%clk 1:11:06]} 16. Qxg4
{[%clk 0:51:48]} Bf6 {[%clk 1:11:26]} 17. Bxh7 {[%clk 0:49:54]} Ke7
{[%clk 1:10:40]} 18. Bd3 {[%clk 0:48:25]} Rc3 {[%clk 1:06:50]} 19. Nf3
{[%clk 0:38:14]} Rxd3 {[%clk 0:54:36]} 20. Ne5 {[%clk 0:38:43]} Rxe3
{[%clk 0:54:54]} 21. fxe3 {[%clk 0:38:21]} Bxe5 {[%clk 0:50:16]} 22. Qg5+
{[%clk 0:38:34]} Bf6 {[%clk 0:45:50]} 23. Rxf6 {[%clk 0:38:55]} gxf6
{[%clk 0:46:17]} 24. Qg7+ {[%clk 0:39:21]} Kd6 {[%clk 0:46:42]} 25. Qxh8
{[%clk 0:39:42]} Qxb5 {[%clk 0:43:30]} 26. Qxf6 {[%clk 0:38:26]} Nc4
{[%clk 0:43:08]} 27. h4 {[%clk 0:34:53]} Qb3 {[%clk 0:38:12]} 28. Re1
{[%clk 0:30:56]} Qc3 {[%clk 0:37:54]} 29. Qf8+ {[%clk 0:22:00]} Kc7
{[%clk 0:38:10]} 30. Qf2 {[%clk 0:18:53]} Nd6 {[%clk 0:32:07]} 31. h5
{[%clk 0:17:46]} Be8 {[%clk 0:31:21]} 32. g4 {[%clk 0:16:38]} Ne4
{[%clk 0:30:51]} 33. Qf4+ {[%clk 0:15:24]} Kd7 {[%clk 0:30:43]} 34. Rb1
{[%clk 0:11:48]} b6 {[%clk 0:30:10]} 35. a4 {[%clk 0:11:08]} Nd2 {[%clk 0:26:12]}
36. Rd1 {[%clk 0:10:29]} Qc2 {[%clk 0:23:43]} 37. Re1 {[%clk 0:10:01]} Qxa4
{[%clk 0:22:43]} 38. h6 {[%clk 0:08:28]} Qc2 {[%clk 0:22:28]} 39. Qf2
{[%clk 0:03:58]}  1/2-1/2